Asi Habló el Tío / Jean Price Mars (Registro nro. 12410)

Detalles MARC
000 -LEADER
fixed length control field 00511nam a22001811a 4500
001 - CONTROL NUMBER
control field 12410
003 - CONTROL NUMBER IDENTIFIER
control field OSt
005 - DATE AND TIME OF LATEST TRANSACTION
control field 20260204212325.0
008 - FIXED-LENGTH DATA ELEMENTS--GENERAL INFORMATION
fixed length control field 150702s2000||||dr ||||||b||||||||||spa||
082 ## - DEWEY DECIMAL CLASSIFICATION NUMBER
Classification number 305.097293 P931a
100 ## - ASIENTO PRINCIPAL -- NOMBRE PERSONAL
Personal name Price Mars, Jean
245 ## - TÍTULO PROPIAMENTE DICHO: SUBTÍTULO
Title Asi Habló el Tío / Jean Price Mars
264 ## - PRODUCTION, PUBLICATION, DISTRIBUTION, MANUFACTURE, AND COPYRIGHT NOTICE
Place of production, publication, distribution, manufacture Santo Domingo: Manatí
300 ## - PHYSICAL DESCRIPTION
Extensión 272 p.
490 ## - MENCIÓN DE SERIE
Series statement (serie literatura canferra - coleccion la otra orilla)
650 ## - ASIENTO SECUNDARIO DE MATERIA -- TERMINO TEMÁTICO
Termino Temático Como Elemento de Entrada ENTOLOGIA - HAITI - ENSAYOS - CONFERENCIA,ETCÌ
942 ## - ADDED ENTRY ELEMENTS (KOHA)
Source of classification or shelving scheme Dewey Decimal Classification
Koha item type Libros
Existencias
Withdrawn status Lost status Source of classification or shelving scheme Damaged status Not for loan Current library Date acquired Total Checkouts Full call number Barcode Date last seen Price effective from Koha item type
    Dewey Decimal Classification     Biblioteca UTECO 09/09/2019   305.097293 P931A 017261 09/09/2019 09/09/2019 Libros
© 2021 Derechos Reservados UTECO - Teléfono: +1 809-585-2291 - Correo electrónico: biblioteca@uteco.edu.do​  
Código postal 43000 ​​
Dirección: Avenida Universitaria No. 100, 
Cotuí, Provincia Sánchez Ramírez, República Dominicana - RNC: 404-00059-6